Mukhtashar Minhajul Qashidin

Wedi'i Gadw mewn:
Manylion Llyfryddiaeth
Prif Awdur: Al-Imam Ibnu Qudamah Al-Maqdisi
Fformat: Llyfr
Cyhoeddwyd: Jakarta Daru Haq 2015
Pynciau:
Tagiau: Ychwanegu Tag
Dim Tagiau, Byddwch y cyntaf i dagio'r cofnod hwn!
LEADER 00455nam a22001697a 4500
007 ta
008 170207b 2015xxu||||| |||| 00| 0 ind d
020 |a 9789791254649 
041 |a IND 
082 |2 23  |a 297.14 
100 |a Al-Imam Ibnu Qudamah Al-Maqdisi 
245 |a Mukhtashar Minhajul Qashidin 
260 |a Jakarta  |b Daru Haq  |c 2015 
300 |a xxii, 766 hlm. biobl/; 25 cm. 
650 |a ILMU FIKIH 
942 |2 ddc  |c BK  |6 297_140000000000000 
999 |c 25675  |d 25675